| 000 | 01075nam a22002897a 4500 | ||
|---|---|---|---|
| 003 | DO-SdBNP | ||
| 005 | 20240807084752.0 | ||
| 006 | a||||gr|||| 00| 0 | ||
| 007 | ta | ||
| 008 | 240806e2001 dr ahoc| |||| 00| e spa d | ||
| 040 |
_aDO-SdBNP _bspa _cBNPHU _erda |
||
| 082 | 4 |
_222 _bR918c |
|
| 100 | 1 |
_aRueda, Manuel, _d1921-1999 _922834 _eautor |
|
| 245 | 1 | 0 |
_aComentarios musicales / _cManuel Rueda, Rafael Bello Peguero, editor, fotografía de la portada, Luis Nova. |
| 264 | 1 |
_aSanto Domingo : _bAmigo del Hogar, _c2001 |
|
| 300 |
_a82 páginas : _bilustraciones, facsímil, fotografías, retratos ; _c23 cm. |
||
| 336 |
_2rdacontent _atexto _btxt |
||
| 337 |
_2rdamedia _asin mediación _bn |
||
| 338 |
_2rdacarrier _avolumen _bnc |
||
| 590 | _aInventariado 2024 / MF | ||
| 650 | 4 |
_aMúsica _xCrítica E Interpretación _959732 |
|
| 650 | 4 |
_aRueda, Manuel, _xCrítica E Interpretación _924248 _vMúsica |
|
| 650 | 4 |
_aMúsica _xComentarios _935409 |
|
| 700 | 1 |
_aBello Peguero, Rafael, _d1932-2022 _92405 _eeditor |
|
| 700 | 1 |
_aNova, Luis, _936995 _efotografía |
|
| 942 |
_2ddc _cLBS1 |
||
| 999 |
_c57384 _d57384 |
||